Fi afaq al-adab (Record no. 1229919)

MARC details
000 -LEADER
fixed length control field 00539nam a2200217Ia 4500
005 - DATE AND TIME OF LATEST TRANSACTION
control field 20241129111324.0
008 - FIXED-LENGTH DATA ELEMENTS--GENERAL INFORMATION
fixed length control field 241129s9999||||xx |||||||||||||| ||und||
020 ## - INTERNATIONAL STANDARD BOOK NUMBER
International Standard Book Number 978-9933-516-50-5
037 ## - SOURCE OF ACQUISITION
Stock number TB
040 ## - CATALOGING SOURCE
Original cataloging agency CRL
Language of cataloging eng
Transcribing agency CRL
041 ## - LANGUAGE CODE
Language code of text/sound track or separate title ara
Source of code ara
084 ## - COLON CLASSIFICATION NUMBER
Classification number O28:g Q4
Assigning agency CRL
100 ## - MAIN ENTRY--PERSONAL NAME
Personal name Adnan Saeed Au.
9 (RLIN) 724069
245 #0 - TITLE STATEMENT
Title Fi afaq al-adab
Statement of responsibility, etc. Adnan Saeed Au.
260 ## - PUBLICATION, DISTRIBUTION, ETC.
Date of publication, distribution, etc. 2014
300 ## - PHYSICAL DESCRIPTION
Extent 206p.
365 ## - TRADE PRICE
Price type code INR
Price amount 910
650 ## - SUBJECT ADDED ENTRY--TOPICAL TERM
Topical term or geographic name entry element Arabic Literature
942 ## - ADDED ENTRY ELEMENTS (KOHA)
Koha item type Textbook
Classification part O28:g Q4
Holdings
Withdrawn status Lost status Damaged status Not for loan Home library Current library Date acquired Source of acquisition Cost, normal purchase price Inventory number Total Checkouts Full call number Barcode Date last seen Price effective from Koha item type
        Central Library Central Library 2024-11-29 Bright Book Service 910.00 1718 & 27/01/2024   O28:g Q4 CL1680722 2024-11-29 2024-11-29 Textbook
Copyright @ Delhi University Library System